| 000 | 00464nam a2200169Ia 4500 | ||
|---|---|---|---|
| 003 | 0STCL | ||
| 008 | 150530s9999 xx 000 0 und d | ||
| 040 |
_aSTCL _cSTCL |
||
| 100 | _aCoughlan, G.D.; Dodd, J.E.; Gripaios, B.M. | ||
| 245 | _aIdeas of Particle Physics and introduction for scientists | ||
| 260 |
_bUniversity Press; Cambridge _c2006 _aCambridge |
||
| 300 | _a0 | ||
| 546 | _aEnglish | ||
| 942 |
_2ddc _cBK |
||
| 999 |
_c31377 _d31377 |
||
| 005 | 20220125170223.0 | ||